00854nam a2200253 i 4500001001000000003000900010005001700019007000300036008004100039040003000080041000800110082002200118100005500140245006300195264007000258300005000328336002700378337003200405338002800437500005800465650003800523650002500561650001400586000002948DO-SdBNP20260415175501.0ta090706s1994 dr a r 000 0 spa d aDO-SdBNPbspacBNPHUerda aspa 4a343.04bT666e2221 aTonos Santana, Luís Eduardo,d1938-eautor4aut.10aEnciclopedias tributarias /cLuís Eduardo Tonos Santana. 1aSanto Domingo, República Dominicana :bEditora Corripio,c1994. avii, 264 páginas :bilustraciones ;c23 cm. aTextobtxt2rdacontent asinmediaciónbn2rdamedia avolumenbnc2rdacarrier aIncluye datos biográficos del autor en las solapas. 0aImpuestos xLeyes y legislación 4aProcesos tributarios 4aImpuestos